[Event "30. Ciudad de Sevilla 2014"]
[Site "Sevilla ESP"]
[Date "2014.01.17"]
[Round "8.9"]
[White "Montero Melendez, Rafael"]
[Black "Haslinger, Gareth J"]
[Result "1-0"]
[WhiteElo "2350"]
[BlackElo "2049"]
[PlyCount "81"]
[EventDate "2014.01.10"]
[EventType "swiss"]
[EventRounds "9"]
[EventCountry "ESP"]
[Source "lmi"]
[SourceDate "2014.01.10"]

1. c4 f5 2. g3 Nf6 3. Bg2 e6 4. Nf3 Be7 5. O-O O-O 6. b3 d6 7. d4 a5 8. Bb2 Qe8
9. Nc3 Qh5 10. Nd2 e5 11. Nd5 Nxd5 12. Bxd5+ Kh8 13. dxe5 f4 14. e3 Bg4 15. Bf3
fxg3 16. fxg3 Rxf3 17. Nxf3 Nc6 18. exd6 Bxd6 19. Qd5 Qxd5 20. cxd5 Nb4 21. e4
Nc2 22. Rac1 Bc5+ 23. Kh1 Ne3 24. Rxc5 Nxf1 25. Ne5 Bh5 26. g4 Be8 27. Kg1 Nd2
28. Rxc7 Nxe4 29. Rxb7 h5 30. Nc4 Kh7 31. Rxg7+ Kh6 32. Nd6 hxg4 33. Nxe4 Bg6
34. Nf2 Ra6 35. Nxg4+ Kh5 36. Ne5 Be4 37. Bc1 Rd6 38. Rg5+ Kh4 39. Rg4+ Kh3 40.
Rxe4 Rxd5 41. Nf3 1-0

[Event "30. Ciudad de Sevilla 2014"]
[Site "Sevilla ESP"]
[Date "2014.01.17"]
[Round "8.10"]
[White "Romero Sanchez, Jesus"]
[Black "Lillo Castany, Victor"]
[Result "1-0"]
[WhiteElo "2121"]
[BlackElo "2315"]
[PlyCount "69"]
[EventDate "2014.01.10"]
[EventType "swiss"]
[EventRounds "9"]
[EventCountry "ESP"]
[Source "lmi"]
[SourceDate "2014.01.10"]

1. d4 Nf6 2. c4 g6 3. Nc3 d5 4. e3 Bg7 5. cxd5 Nxd5 6. Nxd5 Qxd5 7. Ne2 O-O 8.
Nc3 Qd8 9. Be2 c6 10. O-O e5 11. dxe5 Bxe5 12. e4 Qc7 13. h3 b6 14. Be3 Bb7 15.
f4 Bg7 16. e5 Nd7 17. Qc2 c5 18. Bc4 a6 19. a4 Kh8 20. Rad1 Rae8 21. Qd3 Nb8
22. Qd6 Qd8 23. Qxd8 Rxd8 24. Rxd8 Rxd8 25. Bxf7 g5 26. g3 gxf4 27. gxf4 Rf8
28. Bd5 Bc8 29. e6 Rd8 30. Bc4 Nc6 31. f5 Bf6 32. Nd5 Rg8+ 33. Kh2 Bxb2 34.
Nxb6 Ne5 35. Bd5 1-0

[Event "30. Ciudad de Sevilla 2014"]
[Site "Sevilla ESP"]
[Date "2014.01.17"]
[Round "8.11"]
[White "Gallardo Fernandez, Cesar"]
[Black "Lopez Rodriguez, Fernando"]
[Result "1-0"]
[WhiteElo "2244"]
[BlackElo "2098"]
[PlyCount "115"]
[EventDate "2014.01.10"]
[EventType "swiss"]
[EventRounds "9"]
[EventCountry "ESP"]
[Source "lmi"]
[SourceDate "2014.01.10"]

1. c4 e6 2. g3 d5 3. cxd5 exd5 4. d4 Nf6 5. Bg2 c5 6. Nf3 Nc6 7. O-O Be7 8. Nc3
O-O 9. h3 Re8 10. Be3 c4 11. Ne5 Bb4 12. Qa4 Bxc3 13. Nxc6 Qd7 14. bxc3 Ne4 15.
Qc2 Qxc6 16. Bf4 g5 17. Bc1 Bf5 18. g4 Bg6 19. Qb2 f6 20. f3 Ng3 21. Rf2 Re7
22. e3 Bd3 23. Bd2 Rae8 24. Re1 h5 25. e4 dxe4 26. f4 hxg4 27. fxg5 fxg5 28.
Bxg5 Rg7 29. h4 Qd7 30. Rf6 Nh5 31. Rh6 Qf7 32. Qf2 Qxf2+ 33. Kxf2 Rh7 34. Rg6+
Kf8 35. Ke3 Kf7 36. Rd6 Kg8 37. Rg1 Rf7 38. Rg6+ Kh8 39. Rh6+ Rh7 40. Rxh7+
Kxh7 41. Bh1 g3 42. Bg2 Kg7 43. Bh3 Rf8 44. Bg4 Kg6 45. d5 Nf6 46. Be6 Nxd5+
47. Bxd5 Rf3+ 48. Kd4 Kf5 49. Bxb7 Kg4 50. Bc8+ Kh5 51. Be6 Bf1 52. Bxc4 g2 53.
Kxe4 Rf8 54. Be7 Rf2 55. Ke3 Rf5 56. Be2+ Kh6 57. Bg5+ Kg6 58. Bd3 1-0

[Event "30. Ciudad de Sevilla 2014"]
[Site "Sevilla ESP"]
[Date "2014.01.17"]
[Round "8.12"]
[White "Castillo Gomez, Jesus"]
[Black "Congiu, Mathilde"]
[Result "0-1"]
[WhiteElo "2032"]
[BlackElo "2226"]
[PlyCount "161"]
[EventDate "2014.01.10"]
[EventType "swiss"]
[EventRounds "9"]
[EventCountry "ESP"]
[Source "lmi"]
[SourceDate "2014.01.10"]

1. d4 Nf6 2. c4 g6 3. Nc3 Bg7 4. e4 d6 5. Nf3 O-O 6. Be2 e5 7. d5 a5 8. O-O Na6
9. Ne1 Nc5 10. f3 Ne8 11. Be3 f5 12. Nd3 Nxd3 13. Bxd3 f4 14. Bf2 b6 15. a3 g5
16. Kh1 h5 17. Rg1 g4 18. Qe1 Bf6 19. Be2 Kf7 20. g3 Rg8 21. Rd1 Qd7 22. gxf4
exf4 23. Bh4 g3 24. Bxf6 Nxf6 25. Bf1 h4 26. h3 g2+ 27. Bxg2 Rg3 28. Qf2 Nh5
29. Ne2 Rxh3+ 30. Bxh3 Qxh3+ 31. Qh2 Qxf3+ 32. Qg2 Bg4 33. Nd4 Ng3+ 34. Kh2
Qxg2+ 35. Kxg2 h3+ 36. Kh2 Bxd1 37. Rxd1 Kf6 38. Nf3 Nxe4 39. Rd4 Re8 40. Kxh3
Kf5 41. Nh4+ Kg5 42. Nf3+ Kh5 43. b4 axb4 44. axb4 Ng5+ 45. Nxg5 Kxg5 46. c5
bxc5 47. bxc5 Re3+ 48. Kg2 Kf5 49. cxd6 cxd6 50. Kf2 Ke5 51. Rd2 Ke4 52. Ra2
Kxd5 53. Ra8 Kd4 54. Ra4+ Ke5 55. Ra8 d5 56. Re8+ Kd4 57. Rf8 Ke4 58. Re8+ Kd3
59. Rf8 Re4 60. Kf3 Re1 61. Rd8 Rf1+ 62. Kg2 Re1 63. Kf3 d4 64. Kxf4 Kc3 65.
Rc8+ Kd2 66. Kf3 d3 67. Ra8 Re7 68. Rc8 Kd1 69. Ra8 d2 70. Rh8 Re5 71. Kf2 Re7
72. Kf3 Kc2 73. Rc8+ Kb3 74. Rd8 Kc3 75. Rc8+ Kd3 76. Rd8+ Kc2 77. Rc8+ Kb1 78.
Rd8 Kc1 79. Rc8+ Kd1 80. Rh8 Rc7 81. Rh2 0-1

[Event "30. Ciudad de Sevilla 2014"]
[Site "Sevilla ESP"]
[Date "2014.01.17"]
[Round "8.13"]
[White "Urbina Perez, Juan Antonio"]
[Black "Preto, Daniel Filipe Rodri"]
[Result "1-0"]
[WhiteElo "2183"]
[BlackElo "2004"]
[PlyCount "87"]
[EventDate "2014.01.10"]
[EventType "swiss"]
[EventRounds "9"]
[EventCountry "ESP"]
[Source "lmi"]
[SourceDate "2014.01.10"]

1. e4 c6 2. d4 d5 3. Nd2 dxe4 4. Nxe4 Nf6 5. Nxf6+ gxf6 6. c3 Bf5 7. Nf3 Rg8 8.
g3 Na6 9. Bg2 Qd7 10. O-O Bh3 11. Qb3 Bxg2 12. Kxg2 e6 13. Bf4 O-O-O 14. Rfd1
Qd5 15. c4 Qe4 16. Qe3 Qxe3 17. fxe3 c5 18. Rd2 Bd6 19. Rad1 Bxf4 20. exf4 cxd4
21. Nxd4 Nc7 22. Kf2 Rd7 23. Ke3 Rgd8 24. Nf3 Rxd2 25. Rxd2 Rxd2 26. Nxd2 Kd7
27. Ne4 Ne8 28. Kd4 Kc6 29. b4 h6 30. g4 a6 31. a3 b6 32. h4 Kc7 33. g5 fxg5
34. fxg5 hxg5 35. Nxg5 Nd6 36. h5 Kd7 37. Ne4 Nf5+ 38. Ke5 Ke7 39. c5 Ne3 40.
c6 Ng4+ 41. Kf4 f5 42. Ng5 Kd6 43. Nf7+ Ke7 44. c7 1-0

[Event "30. Ciudad de Sevilla 2014"]
[Site "Sevilla ESP"]
[Date "2014.01.17"]
[Round "8.14"]
[White "Valenti, Giuseppe"]
[Black "Vallbona Domingo, Joan"]
[Result "1/2-1/2"]
[WhiteElo "2172"]
[BlackElo "1968"]
[PlyCount "76"]
[EventDate "2014.01.10"]
[EventType "swiss"]
[EventRounds "9"]
[EventCountry "ESP"]
[Source "lmi"]
[SourceDate "2014.01.10"]

1. e4 c5 2. Nf3 e6 3. d4 cxd4 4. Nxd4 a6 5. Nc3 b5 6. Bd3 d6 7. O-O Nf6 8. Re1
Be7 9. a4 b4 10. Na2 e5 11. Nf3 Nc6 12. c3 bxc3 13. Nxc3 O-O 14. h3 h6 15. Bc4
Be6 16. Bf1 Qb8 17. Rb1 Bb3 18. Qd2 Nb4 19. Be2 Bc2 20. Bd1 Bxb1 21. Nxb1 Rd8
22. Nc3 d5 23. exd5 Nbxd5 24. Nxe5 Nxc3 25. Qxc3 Bb4 26. Qc4 Bxe1 27. Qxf7+ Kh8
28. Ng6+ Kh7 29. Bc2 Bxf2+ 30. Kf1 Rd1+ 31. Bxd1 Qe8 32. Qxe8 Rxe8 33. Kxf2
Kxg6 34. Bc2+ Kf7 35. Bd3 Ne4+ 36. Kf3 Nc5 37. Bc4+ Ke7 38. Be3 Kd6 1/2-1/2

[Event "30. Ciudad de Sevilla 2014"]
[Site "Sevilla ESP"]
[Date "2014.01.17"]
[Round "8.15"]
[White "Gaitan Ramirez, Alfonso"]
[Black "Guerreiro, Nuno"]
[Result "0-1"]
[WhiteElo "2020"]
[BlackElo "2161"]
[PlyCount "104"]
[EventDate "2014.01.10"]
[EventType "swiss"]
[EventRounds "9"]
[EventCountry "ESP"]
[Source "lmi"]
[SourceDate "2014.01.10"]

1. c4 Nc6 2. Nc3 e5 3. Nf3 Nf6 4. e4 Bb4 5. d3 d6 6. g3 O-O 7. Bg2 Bg4 8. h3
Bxf3 9. Bxf3 Nd4 10. Bg2 Bc5 11. Be3 c6 12. O-O a5 13. Kh2 h6 14. Ne2 Qb6 15.
Bxd4 Bxd4 16. Nxd4 Qxd4 17. Qb3 Rfb8 18. Rac1 Nd7 19. Qc3 Nc5 20. Qxd4 exd4 21.
Rcd1 a4 22. f4 Re8 23. g4 Ra6 24. Rf2 Rb6 25. Bf1 Rb4 26. Kg3 b5 27. cxb5 Rxb5
28. Bg2 Reb8 29. Rdd2 Na6 30. Bf3 Nb4 31. a3 Na6 32. Bd1 Nc5 33. h4 Kf8 34. g5
hxg5 35. hxg5 Ke7 36. Rh2 g6 37. f5 Rg8 38. f6+ Ke8 39. Bg4 Rb3 40. Kf4 Nxd3+
41. Rxd3 Rxd3 42. Rc2 c5 43. Rc4 Rb3 44. Rxa4 Rb8 45. Ra6 Rd8 46. Ra7 Rh8 47.
Be2 Rh4+ 48. Kf3 Rh3+ 49. Kf4 d3 50. Bd1 d2 51. a4 c4 52. a5 Rh1 0-1

[Event "30. Ciudad de Sevilla 2014"]
[Site "Sevilla ESP"]
[Date "2014.01.17"]
[Round "8.16"]
[White "Gomez Rebollo, Alfonso Carlos"]
[Black "Alba Huescar, Pedro"]
[Result "1/2-1/2"]
[WhiteElo "2150"]
[BlackElo "1901"]
[PlyCount "116"]
[EventDate "2014.01.10"]
[EventType "swiss"]
[EventRounds "9"]
[EventCountry "ESP"]
[Source "lmi"]
[SourceDate "2014.01.10"]

1. e4 c6 2. Nf3 d5 3. exd5 cxd5 4. Ne5 a6 5. d4 Nc6 6. c3 Nxe5 7. dxe5 e6 8.
Bd3 Bc5 9. O-O Qc7 10. Qe2 Ne7 11. Nd2 Bd7 12. Nf3 h6 13. a4 Ba7 14. Bd2 g5 15.
Kh1 Nf5 16. Bxf5 exf5 17. Nd4 Bxd4 18. cxd4 Qb6 19. Qd3 Rc8 20. Qa3 Be6 21. Bc3
Rc4 22. Rfc1 Qc7 23. Bd2 Qe7 24. Qd3 Qd7 25. b3 Rxc1+ 26. Rxc1 O-O 27. Qg3 Kh7
28. Qd3 Rc8 29. h4 Rxc1+ 30. Bxc1 Qd8 31. g4 Kg6 32. h5+ Kg7 33. gxf5 Bd7 34.
Ba3 Be8 35. f6+ Kg8 36. Kg2 Qc8 37. Kg3 Bd7 38. Qd2 Bh3 39. f3 Bf1 40. Qh2 Qc3
41. Bc5 Qe3 42. Qh1 Bd3 43. b4 Bf5 44. Bd6 Qxd4 45. a5 Qf4+ 46. Kf2 Qd2+ 47.
Kg3 d4 48. Qa1 Qf4+ 49. Kg2 d3 50. Qa4 Qd2+ 51. Kg3 Qe1+ 52. Kg2 Qe2+ 53. Kg3
Qe1+ 54. Kg2 Qe2+ 55. Kg3 Qe1+ 56. Kg2 Kh7 57. Qe8 Qd2+ 58. Kg3 Qf4+ 1/2-1/2

[Event "30. Ciudad de Sevilla 2014"]
[Site "Sevilla ESP"]
[Date "2014.01.17"]
[Round "8.17"]
[White "Severijnen, Arjon"]
[Black "Lazaro Porta, Angel"]
[Result "1-0"]
[WhiteElo "2147"]
[BlackElo "1901"]
[PlyCount "51"]
[EventDate "2014.01.10"]
[EventType "swiss"]
[EventRounds "9"]
[EventCountry "ESP"]
[Source "lmi"]
[SourceDate "2014.01.10"]

1. e4 c5 2. Nf3 d6 3. d4 cxd4 4. Nxd4 Nf6 5. Nc3 a6 6. Bg5 Nbd7 7. f4 b5 8. Be2
Bb7 9. Bf3 Qc7 10. Qd2 e6 11. a3 Be7 12. O-O-O h6 13. Bxf6 Nxf6 14. Kb1 Rd8 15.
Rhe1 O-O 16. g4 Nd7 17. h4 Nb6 18. g5 Nc4 19. Qd3 Rc8 20. Na2 Rfd8 21. Bg4 Kh8
22. gxh6 gxh6 23. Bxe6 fxe6 24. Nxe6 Qd7 25. Qd4+ Kh7 26. Qg7# 1-0

[Event "30. Ciudad de Sevilla 2014"]
[Site "Sevilla ESP"]
[Date "2014.01.17"]
[Round "8.20"]
[White "Zarandieta Lopera, Victor"]
[Black "Ferrer Garcia, Isaac"]
[Result "0-1"]
[WhiteElo "2048"]
[BlackElo "2144"]
[PlyCount "129"]
[EventDate "2014.01.10"]
[EventType "swiss"]
[EventRounds "9"]
[EventCountry "ESP"]
[Source "lmi"]
[SourceDate "2014.01.10"]

1. c4 c5 2. Nf3 g6 3. d4 cxd4 4. Nxd4 Bg7 5. Nc3 Nc6 6. Nxc6 bxc6 7. e3 Bxc3+
8. bxc3 Qa5 9. Qb3 Nf6 10. Bd3 d6 11. Qb4 Qe5 12. O-O Bf5 13. Bxf5 gxf5 14. Ba3
O-O 15. c5 Ng4 16. g3 d5 17. Qd4 Qe6 18. c4 Ne5 19. Qf4 Nxc4 20. Bb4 Qe5 21.
Qh6 f6 22. Rac1 Qe4 23. Bc3 Rab8 24. Rfd1 Qf3 25. Rd4 Qe2 26. Rh4 Rf7 27. Qf4
e5 28. Qxf5 Nd2 29. Bxd2 Qxd2 30. Rb1 Rxb1+ 31. Qxb1 Qe2 32. h3 h5 33. Qf5 Rg7
34. Qxh5 Qxh5 35. Rxh5 Rb7 36. Rh4 Rb5 37. Ra4 a5 38. Kf1 Rxc5 39. f4 e4 40. g4
Kf7 41. h4 f5 42. g5 Kg6 43. Ke1 Rb5 44. Kd2 Kh5 45. Kc3 Kxh4 46. g6 Rb1 47.
Kd4 Rg1 48. Rxa5 Rxg6 49. Rc5 Rg2 50. Rxc6 Rxa2 51. Ke5 Kg4 52. Kxd5 Kf3 53.
Rf6 Kxe3 54. Rxf5 Ra5+ 55. Ke6 Rxf5 56. Kxf5 Kf3 57. Kg5 e3 58. f5 e2 59. f6
e1=Q 60. Kg6 Qg3+ 61. Kh7 Qh4+ 62. Kg6 Qg4+ 63. Kf7 Kf4 64. Ke7 Qg5 65. Ke6 0-1

[Event "30. Ciudad de Sevilla 2014"]
[Site "Sevilla ESP"]
[Date "2014.01.17"]
[Round "8.21"]
[White "Lillo Ferrer, Jose Maria M"]
[Black "Delgado Serrano, Angel"]
[Result "1/2-1/2"]
[WhiteElo "2047"]
[BlackElo "2136"]
[PlyCount "22"]
[EventDate "2014.01.10"]
[EventType "swiss"]
[EventRounds "9"]
[EventCountry "ESP"]
[Source "lmi"]
[SourceDate "2014.01.10"]

1. e4 c5 2. d3 e6 3. f4 d5 4. Be2 dxe4 5. dxe4 Qxd1+ 6. Bxd1 Nc6 7. Nf3 Nf6 8.
Nc3 Be7 9. Be3 O-O 10. Be2 Rd8 11. Rd1 Rxd1+ 1/2-1/2

[Event "30. Ciudad de Sevilla 2014"]
[Site "Sevilla ESP"]
[Date "2014.01.18"]
[Round "9.1"]
[White "Haslinger, Stewart G"]
[Black "Turov, Maxim"]
[Result "0-1"]
[WhiteElo "2548"]
[BlackElo "2586"]
[PlyCount "84"]
[EventDate "2014.01.10"]
[EventType "swiss"]
[EventRounds "9"]
[EventCountry "ESP"]
[Source "lmi"]
[SourceDate "2014.01.10"]

1. e4 c6 2. d4 d5 3. e5 Bf5 4. Nf3 e6 5. Be2 Ne7 6. O-O h6 7. Nbd2 Nd7 8. Nb3
g5 9. Ne1 Qc7 10. f4 O-O-O 11. fxg5 hxg5 12. g4 Bg6 13. Bxg5 c5 14. c3 f6 15.
Bxf6 Nxf6 16. Rxf6 Nc6 17. Ng2 Qh7 18. h4 c4 19. Nd2 Be7 20. Qf1 Bxf6 21. Qxf6
Rde8 22. h5 Bd3 23. Bf3 Rhf8 24. Qh4 Rg8 25. g5 Ref8 26. Bg4 Kd7 27. g6 Bxg6
28. hxg6 Qxh4 29. Nxh4 Rf4 30. Bxe6+ Kxe6 31. Nhf3 Rxg6+ 32. Kf2 Rfg4 33. b3 b5
34. bxc4 bxc4 35. Rb1 Rg2+ 36. Kf1 R6g3 37. Rb7 Rxd2 38. Nxd2 Rxc3 39. a4 Nxd4
40. Rxa7 Rd3 41. Nxc4 dxc4 42. Rc7 c3 0-1

[Event "30. Ciudad de Sevilla 2014"]
[Site "Sevilla ESP"]
[Date "2014.01.18"]
[Round "9.2"]
[White "Van Der Weide, Karel"]
[Black "Matamoros Franco, Carlos S"]
[Result "0-1"]
[WhiteElo "2449"]
[BlackElo "2531"]
[PlyCount "34"]
[EventDate "2014.01.10"]
[EventType "swiss"]
[EventRounds "9"]
[EventCountry "ESP"]
[Source "lmi"]
[SourceDate "2014.01.10"]

1. e4 e6 2. d4 d5 3. Nc3 Nf6 4. e5 Nfd7 5. f4 c5 6. Nf3 Nc6 7. Be3 Be7 8. Qd2
O-O 9. Be2 b6 10. O-O f6 11. exf6 Nxf6 12. Kh1 a6 13. Rad1 Qc7 14. Qe1 Bd6 15.
Na4 Nb4 16. dxc5 bxc5 17. Bg1 Bd7 0-1

[Event "30. Ciudad de Sevilla 2014"]
[Site "Sevilla ESP"]
[Date "2014.01.18"]
[Round "9.3"]
[White "Ducarmon, Quinten"]
[Black "Narciso Dublan, Marc"]
[Result "1-0"]
[WhiteElo "2456"]
[BlackElo "2521"]
[PlyCount "79"]
[EventDate "2014.01.10"]
[EventType "swiss"]
[EventRounds "9"]
[EventCountry "ESP"]
[Source "lmi"]
[SourceDate "2014.01.10"]

1. e4 e6 2. d4 d5 3. Nd2 Nf6 4. e5 Nfd7 5. Bd3 c5 6. c3 b6 7. Nh3 Ba6 8. Bxa6
Nxa6 9. O-O Nc7 10. Qg4 c4 11. Nf4 g6 12. Nf3 Nb8 13. h4 h5 14. Qg3 Nc6 15. Nh3
Be7 16. Nfg5 O-O 17. Re1 Kg7 18. Re3 Bxg5 19. Nxg5 Ne7 20. Re2 Nf5 21. Qh3 Qd7
22. Nf3 Ne8 23. Bg5 Rh8 24. Nh2 b5 25. b4 a5 26. bxa5 Rxa5 27. a3 Qa7 28. Rb2
Qa8 29. Nf1 Kf8 30. Ne3 Nc7 31. Nxf5 exf5 32. Bf6 Rg8 33. Qg3 Qc6 34. Qg5 Ne6
35. Be7+ Ke8 36. Qf6 Ra7 37. Bd6 Qd7 38. Rab1 Qd8 39. Qxd8+ Kxd8 40. Rxb5 1-0

[Event "30. Ciudad de Sevilla 2014"]
[Site "Sevilla ESP"]
[Date "2014.01.18"]
[Round "9.4"]
[White "Simonian, Tigran"]
[Black "Campora, Daniel H"]
[Result "1-0"]
[WhiteElo "2412"]
[BlackElo "2460"]
[PlyCount "71"]
[EventDate "2014.01.10"]
[EventType "swiss"]
[EventRounds "9"]
[EventCountry "ESP"]
[Source "lmi"]
[SourceDate "2014.01.10"]

1. d4 Nf6 2. Nf3 d5 3. c4 c6 4. Nc3 g6 5. Qb3 Bg7 6. cxd5 Nxd5 7. e4 Nb6 8. Be3
O-O 9. Rd1 Be6 10. Qc2 N8d7 11. Be2 Qc7 12. O-O Rac8 13. Ng5 Bc4 14. e5 h6 15.
Nge4 Be6 16. Qc1 Kh7 17. h4 Nd5 18. h5 Nxe3 19. Qxe3 Rcd8 20. Bd3 Qc8 21. Ng3
Nb6 22. Qe4 Bf5 23. Qxf5 gxf5 24. Bxf5+ Kh8 25. Bxc8 Rxc8 26. Nf5 Rc7 27. Rd3
Rd8 28. Re1 Nd5 29. Rg3 Bf8 30. Nxd5 cxd5 31. e6 fxe6 32. Rxe6 Rc6 33. Rgg6
Rxe6 34. Rxe6 Kh7 35. Nxe7 Re8 36. Ng6 1-0

[Event "30. Ciudad de Sevilla 2014"]
[Site "Sevilla ESP"]
[Date "2014.01.18"]
[Round "9.5"]
[White "Pogorelov, Ruslan"]
[Black "Sgnaolin, Davide"]
[Result "1-0"]
[WhiteElo "2377"]
[BlackElo "2221"]
[PlyCount "131"]
[EventDate "2014.01.10"]
[EventType "swiss"]
[EventRounds "9"]
[EventCountry "ESP"]
[Source "lmi"]
[SourceDate "2014.01.10"]

1. Nf3 c5 2. c4 Nc6 3. d4 cxd4 4. Nxd4 g6 5. e4 Bg7 6. Be3 Nf6 7. Nc3 O-O 8.
Be2 d6 9. O-O Bd7 10. Qd2 Nxd4 11. Bxd4 Bc6 12. f3 Nd7 13. Be3 a5 14. b3 Nc5
15. Rab1 Qb6 16. Rfc1 Rfc8 17. Rc2 Qd8 18. Bf1 h5 19. Nd5 Rab8 20. Bg5 Bf8 21.
Qd1 b6 22. Qe1 Ne6 23. Be3 Bg7 24. f4 Bxd5 25. exd5 Nc5 26. f5 Qd7 27. fxg6
fxg6 28. Qg3 Qf5 29. Rf2 Ne4 30. Rxf5 Nxg3 31. Rf3 Nf5 32. Bf2 Rf8 33. Bd3 Be5
34. g3 Kg7 35. Kg2 Rf7 36. Rf1 Nh6 37. Rxf7+ Nxf7 38. Be3 Bf6 39. h3 Ne5 40.
Be2 Nd7 41. g4 hxg4 42. Bxg4 Ne5 43. Be2 Nd7 44. Rb1 Bc3 45. a3 Nc5 46. b4 axb4
47. axb4 Nd7 48. Rb3 Be5 49. Ra3 Nf6 50. Ra7 Kf8 51. b5 Kf7 52. Bd3 Bc3 53. Bf4
Bb4 54. Be2 Bc5 55. Bg4 Nxg4 56. hxg4 Kf6 57. Bd2 Rc8 58. Bc3+ Kf7 59. Kf3 Bg1
60. Ra4 Rc7 61. Ke4 e6 62. dxe6+ Kxe6 63. Bd4 Rxc4 64. Rxc4 d5+ 65. Kf3 dxc4
66. Bxg1 1-0

[Event "30. Ciudad de Sevilla 2014"]
[Site "Sevilla ESP"]
[Date "2014.01.18"]
[Round "9.6"]
[White "Munoz Gonzalo, David"]
[Black "Montero Melendez, Rafael"]
[Result "0-1"]
[WhiteElo "1857"]
[BlackElo "2350"]
[PlyCount "80"]
[EventDate "2014.01.10"]
[EventType "swiss"]
[EventRounds "9"]
[EventCountry "ESP"]
[Source "lmi"]
[SourceDate "2014.01.10"]

1. Nf3 Nf6 2. d4 c5 3. c4 cxd4 4. Nxd4 b6 5. Nc3 Bb7 6. Bf4 a6 7. Qc2 d6 8. Nf3
Qc7 9. e4 Nbd7 10. Nd5 Nxd5 11. exd5 Bxd5 12. Qf5 Bxf3 13. gxf3 Nf6 14. Rc1 g6
15. Qd3 Bg7 16. c5 bxc5 17. b4 Nh5 18. Be3 O-O 19. bxc5 d5 20. Qxd5 Rfd8 21.
Qc4 Qa5+ 22. Ke2 Rab8 23. c6 Rb4 24. c7 Rb2+ 25. Rc2 Rxc2+ 26. Qxc2 Rc8 27. Kd1
Rxc7 28. Bc4 e6 29. Qb3 Rd7+ 30. Ke2 Qe5 31. Rd1 Nf4+ 32. Kf1 Rxd1+ 33. Qxd1
Nd5 34. Bxa6 Nxe3+ 35. fxe3 Qxe3 36. Qe2 Qc1+ 37. Kg2 Qg5+ 38. Kf1 Bd4 39. Qg2
Qc1+ 40. Ke2 Qc2+ 0-1

[Event "30. Ciudad de Sevilla 2014"]
[Site "Sevilla ESP"]
[Date "2014.01.18"]
[Round "9.7"]
[White "Padeiro, Jose"]
[Black "Urbina Perez, Juan Antonio"]
[Result "1-0"]
[WhiteElo "2337"]
[BlackElo "2183"]
[PlyCount "79"]
[EventDate "2014.01.10"]
[EventType "swiss"]
[EventRounds "9"]
[EventCountry "ESP"]
[Source "lmi"]
[SourceDate "2014.01.10"]

1. Nf3 d5 2. d4 Nf6 3. c4 c6 4. e3 Bg4 5. h3 Bxf3 6. Qxf3 e6 7. Nc3 Bb4 8. Bd3
Nbd7 9. Bd2 O-O 10. a3 Bd6 11. O-O-O dxc4 12. Bxc4 Qc7 13. Kb1 b5 14. Bd3 b4
15. axb4 Bxb4 16. Na2 Bxd2 17. Rxd2 Qa5 18. Rc2 c5 19. Qf4 Rab8 20. Rhc1 cxd4
21. Qxd4 Rfd8 22. Be2 Nb6 23. Qb4 Qf5 24. Qf4 Qxf4 25. exf4 Ne4 26. Nb4 Rd2 27.
Bf3 Rxc2 28. Rxc2 Nd6 29. Nc6 Rb7 30. Ne5 Rb8 31. Ka2 Rc8 32. Rd2 Ne8 33. Nc6
Rc7 34. Rd8 Kf8 35. Rb8 Nd5 36. Bxd5 exd5 37. Nd4 Ke7 38. Nf5+ Kf6 39. g4 g6
40. Ne3 1-0

[Event "30. Ciudad de Sevilla 2014"]
[Site "Sevilla ESP"]
[Date "2014.01.18"]
[Round "9.8"]
[White "Guerreiro, Nuno"]
[Black "Gallardo Fernandez, Cesar"]
[Result "0-1"]
[WhiteElo "2161"]
[BlackElo "2244"]
[PlyCount "102"]
[EventDate "2014.01.10"]
[EventType "swiss"]
[EventRounds "9"]
[EventCountry "ESP"]
[Source "lmi"]
[SourceDate "2014.01.10"]

1. Nf3 c5 2. g3 g6 3. Bg2 Bg7 4. O-O Nc6 5. d3 e6 6. c4 Nge7 7. Nc3 O-O 8. Bd2
d5 9. Rb1 a6 10. a3 dxc4 11. dxc4 Qc7 12. b4 Rd8 13. Ne4 cxb4 14. axb4 f5 15.
Nc5 Nxb4 16. Qa4 Nbc6 17. Rfd1 b6 18. Nd3 Bd7 19. Qb3 Na5 20. Qa3 Nec6 21. Bf4
Qa7 22. Nfe5 Rac8 23. Bg5 Bxe5 24. Nxe5 Nxe5 25. Bxd8 Rxd8 26. c5 Nac4 27. cxb6
Nxa3 28. bxa7 Nxb1 29. Rxb1 Nc6 30. Bxc6 Bxc6 31. Rb8 Rf8 32. Rb6 Bd5 33. Rxa6
Ra8 34. f4 Kf7 35. Kf2 Kf6 36. h4 h6 37. Ke3 Bb7 38. Ra5 g5 39. h5 gxf4+ 40.
gxf4 Bc6 41. Kd4 Be8 42. e4 Bxh5 43. exf5 exf5 44. Ra6+ Kg7 45. Ke5 Bg4 46. Ke6
h5 47. Ke7 Bf3 48. Ra3 Be4 49. Ke6 h4 50. Rh3 Rh8 51. Ke5 Bg2 0-1

[Event "30. Ciudad de Sevilla 2014"]
[Site "Sevilla ESP"]
[Date "2014.01.18"]
[Round "9.9"]
[White "Gonzalez Galvan, Juan Manuel"]
[Black "Severijnen, Arjon"]
[Result "1-0"]
[WhiteElo "2238"]
[BlackElo "2147"]
[PlyCount "43"]
[EventDate "2014.01.10"]
[EventType "swiss"]
[EventRounds "9"]
[EventCountry "ESP"]
[Source "lmi"]
[SourceDate "2014.01.10"]

1. e4 c5 2. Nc3 Nc6 3. Bb5 g6 4. Bxc6 dxc6 5. f4 Bg7 6. d3 e5 7. Nf3 Bg4 8. O-O
Ne7 9. Qe1 Bxf3 10. Rxf3 exf4 11. Bxf4 O-O 12. Qh4 Nc8 13. Bg5 f6 14. Be3 b6
15. Rh3 h5 16. g4 hxg4 17. Qxg4 Ne7 18. e5 f5 19. Qh4 Qd7 20. e6 Qxe6 21. Bg5
Rae8 22. Re1 1-0

[Event "30. Ciudad de Sevilla 2014"]
[Site "Sevilla ESP"]
[Date "2014.01.18"]
[Round "9.10"]
[White "Congiu, Mathilde"]
[Black "Del Campo Gomez, Jose Luis"]
[Result "1-0"]
[WhiteElo "2226"]
[BlackElo "2125"]
[PlyCount "83"]
[EventDate "2014.01.10"]
[EventType "swiss"]
[EventRounds "9"]
[EventCountry "ESP"]
[Source "lmi"]
[SourceDate "2014.01.10"]

1. e4 c5 2. Nf3 Nc6 3. Bb5 e6 4. O-O Nge7 5. Re1 a6 6. Bxc6 Nxc6 7. d4 cxd4 8.
Nxd4 Be7 9. Nxc6 bxc6 10. Qg4 Kf8 11. e5 f5 12. Qf3 g6 13. Bh6+ Kf7 14. Nd2 Re8
15. Nc4 Rb8 16. Rad1 Rb5 17. h4 a5 18. Bg5 Bxg5 19. Nd6+ Kf8 20. hxg5 Rxb2 21.
Nxe8 Kxe8 22. Rb1 Rxb1 23. Rxb1 Qxg5 24. Qc3 Qd8 25. Qh3 h5 26. Qe3 g5 27. Qa7
d5 28. Qh7 Qe7 29. Qxh5+ Kd7 30. Qh8 Kc7 31. Qf6 Qd8 32. Rb8 Qg8 33. Ra8 Kb7
34. Rxa5 Kb6 35. Ra3 Bb7 36. Qe7 Qc8 37. Rb3+ Ka7 38. a4 c5 39. a5 Qc6 40. Rb6
Qc8 41. Rxe6 d4 42. a6 1-0

[Event "30. Ciudad de Sevilla 2014"]
[Site "Sevilla ESP"]
[Date "2014.01.18"]
[Round "9.11"]
[White "Diaz Castro, Sergio"]
[Black "Romero Sanchez, Jesus"]
[Result "1-0"]
[WhiteElo "2256"]
[BlackElo "2121"]
[PlyCount "71"]
[EventDate "2014.01.10"]
[EventType "swiss"]
[EventRounds "9"]
[EventCountry "ESP"]
[Source "lmi"]
[SourceDate "2014.01.10"]

1. e4 Nf6 2. e5 Nd5 3. d4 d6 4. Nf3 dxe5 5. Nxe5 c6 6. Bd3 Nd7 7. Nxd7 Bxd7 8.
Nd2 g6 9. Nf3 Bg4 10. O-O Bg7 11. c3 O-O 12. Re1 e6 13. h3 Bxf3 14. Qxf3 Qb6
15. h4 c5 16. dxc5 Qxc5 17. h5 Rad8 18. Bg5 Rd7 19. Rad1 Ne7 20. Be3 Qa5 21.
Be4 Rfd8 22. Bxb7 Qxa2 23. h6 Bf8 24. b4 Nf5 25. Bg5 Rxd1 26. Rxd1 Rxd1+ 27.
Qxd1 Nxh6 28. Bf3 Nf5 29. g4 h6 30. gxf5 hxg5 31. fxg6 fxg6 32. Qd3 Bg7 33.
Qxg6 Qa1+ 34. Kg2 Qxc3 35. Qxe6+ Kf8 36. Bh5 1-0